000 00289nam a22001217a 4500
008 180314b xxu||||| |||| 00| 0 eng d
041 _aeng
080 _a7
100 _a44
101 _aART
245 _aThe new vision photography between the world wars
_cHambourg,M.M
942 _2udc
_cBK
999 _c45032
_d45032